COMPANION TO THE TEXTBOOK OF BIOCHEMISTRY FOR MEDICAL STUDENTS (Record no. 2553)

MARC details
000 -LEADER
fixed length control field 00395nam a2200145Ia 4500
008 - FIXED-LENGTH DATA ELEMENTS--GENERAL INFORMATION
fixed length control field 150201s2000 xx 000 0 und d
082 ## - DEWEY DECIMAL CLASSIFICATION NUMBER
Classification number 612.015
Item number C2000V
100 ## - MAIN ENTRY--PERSONAL NAME
Personal name DM VASUDEVAN
245 ## - TITLE STATEMENT
Title COMPANION TO THE TEXTBOOK OF BIOCHEMISTRY FOR MEDICAL STUDENTS
250 ## - EDITION STATEMENT
Edition statement 1ST
260 ## - PUBLICATION, DISTRIBUTION, ETC. (IMPRINT)
Name of publisher, distributor, etc. JAYPEE MEDICAL PUBLISHER
Place of publication, distribution, etc. DELHI
Date of publication, distribution, etc. 2000
300 ## - PHYSICAL DESCRIPTION
Extent 1-350
650 ## - SUBJECT ADDED ENTRY--TOPICAL TERM
Topical term or geographic name as entry element BIOCHEMISTRY
942 ## - ADDED ENTRY ELEMENTS (KOHA)
Source of classification or shelving scheme Dewey Decimal Classification
Koha item type Books
Holdings
Withdrawn status Lost status Source of classification or shelving scheme Damaged status Not for loan Home library Current library Date acquired Source of acquisition Cost, normal purchase price Serial Enumeration / chronology SGTU Bill Number Total Checkouts Full call number Barcode Date last seen Bill Date Koha item type Date last checked out
    Dewey Decimal Classification     SGT Dental Library SGT Dental Library 10/04/2002 U.B.S.DELHI 100.00 1 SGTU 45   612.015 C2000V FD496 09/02/2015 30/01/2012 Books  
    Dewey Decimal Classification     SGT Dental Library SGT Dental Library 10/04/2002 U.B.S.DELHI 100.00 1 SGTU 45   612.015 C2000V FD497 09/02/2015 30/01/2012 Books  
    Dewey Decimal Classification     SGT Dental Library SGT Dental Library 10/04/2002 U.B.S.DELHI 100.00 1 SGTU 45 1 612.015 C2000V FD498 11/03/2026 30/01/2012 Books 11/03/2026
    Dewey Decimal Classification     SGT Dental Library SGT Dental Library 10/04/2002 U.B.S.DELHI 100.00 1 SGTU 45   612.015 C2000V FD499 09/02/2015 30/01/2012 Books